| 000 | 01166nam a2200277Ia 4500 | ||
|---|---|---|---|
| 003 | OSt | ||
| 005 | 20220923211219.0 | ||
| 006 | a|||||r|||| 00| 0 | ||
| 007 | ta | ||
| 008 | 220922b |||||||| |||| 00| 0 hin d | ||
| 020 |
_a9788126723041 (hbk) _c350 |
||
| 024 | _a285,184 | ||
| 037 |
_bBR8588, 30/03/2015, Rajkamal Prakashan Pvt. Ltd _cTextual |
||
| 040 |
_aARTS _cARTS _bhin |
||
| 041 |
_2hin _ahin |
||
| 082 | _aN0aY, 152P3 | ||
| 100 |
_aप्लेखानोव, गिओर्गी; मिश्र, विश्वनाथ, संपा. _9159781 |
||
| 245 | 0 | _aकला के सामाजिक उद्गम | |
| 246 | _aKalā ke sāmājik udgama | ||
| 260 |
_aनयी दिल्ली _b राजकमल प्रकाशन _c2013 |
||
| 300 |
_a206पृ. _ccm. |
||
| 490 | _aविश्व क्लासिक | ||
| 650 |
_aल्थ्ल्त् क्ल्ज्ञ _9156276 |
||
| 942 |
_hN0aY, 152P3 _cTEXL _2CC |
||
| 999 |
_c297047 _d297047 |
||